Using Information Technology (Record no. 6936)
[ view plain ]
| 000 -LEADER | |
|---|---|
| fixed length control field | 00264nam a2200109Ia 4500 |
| 100 ## - MAIN ENTRY--AUTHOR NAME | |
| Personal name | Williams,Brian K. |
| 245 #0 - TITLE STATEMENT | |
| Title | Using Information Technology |
| 260 ## - PUBLICATION, DISTRIBUTION, ETC. (IMPRINT) | |
| Place of publication | USA |
| Name of publisher | Mc Graw Hill |
| Year of publication | 1997 |
| 300 ## - PHYSICAL DESCRIPTION | |
| Number of Pages | 602 |
| 942 ## - ADDED ENTRY ELEMENTS (KOHA) | |
| Koha item type | Books |
| Withdrawn status | Lost status | Collection code | Permanent Location | Current Location | Shelving location | Date acquired | Full call number | Accession Number | Koha item type |
|---|---|---|---|---|---|---|---|---|---|
| | | Computer Science | MAJU | MAJU | | 2019-09-11 | 5.445 | 468 | Computer Science |